Schmetterlingsquiz: Alle Tagfalter Deutschlands - Statistiken

Allgemein
  • Dieses Quiz wurde 94 mal gespielt
    85 seit der letzten Aktualisierung
  • Das Durchschnittsergebnis liegt bei 81 aus 179
Antwortstatistiken
Ritterfalter % Korrekt
Zitronenfalter (Gonepteryx rhamni)
95%
Admiral (Vanessa atalanta)
93%
Schwalbenschwanz (Papilio machaon)
93%
Tagpfauenauge (Aglais io)
91%
Kleiner Fuchs (Aglais urticae)
87%
Großer Kohlweißling (Pieris brassicae)
84%
Großer Schillerfalter (Apatura iris)
84%
Kleiner Kohlweißling (Pieris rapae)
84%
Kleiner Schillerfalter (Apatura ilia)
84%
Großer Fuchs (Nymphalis polychloros)
80%
Kleiner Eisvogel (Limenitis camilla)
78%
Großer Eisvogel (Limenitis populi)
76%
Großer Feuerfalter (Lycaena dispar)
76%
Kleines Wiesenvögelchen (Coenonympha pamphilus)
76%
Segelfalter (Iphiclides podalirius)
76%
Distelfalter (Vanessa cardui)
75%
Hauhechel-Bläuling (Polyommatus icarus)
75%
Kleiner Feuerfalter (Lycaena phlaeas)
75%
Landkärtchen (Araschnia levana)
73%
C-Falter (Polygonia c-album)
71%
Grünader-Weißling (Pieris napi)
71%
Kaisermantel (Argynnis paphia)
71%
Kleiner Perlmuttfalter (Issoria lathonia)
71%
Trauermantel (Nymphalis antiopa)
71%
Aurorafalter (Anthocharis cardamines)
69%
Großes Ochsenauge (Maniola jurtina)
69%
Postillon (Colias croceus)
69%
Blauschwarzer Eisvogel (Limenitis reducta)
67%
Großer Perlmuttfalter (Speyeria aglaja)
67%
Grüner Zipfelfalter (Callophrys rubi)
67%
Schachbrett (Melanargia galathea)
67%
Baumweißling (Aporia crataegi)
65%
Roter Apollo (Parnassius apollo)
65%
Faulbaum-Bläuling (Celastrina argiolus)
65%
Himmelblauer Bläuling (Lysandra bellargus)
64%
Schwarzer Apollo (Parnassius mnemosyne)
64%
Zwerg-Bläuling (Cupido minimus)
64%
Blauer Eichen-Zipfelfalter (Favonius quercus)
62%
Kleines Ochsenauge (Hyponephele lycaon)
62%
Waldbrettspiel (Pararge aegeria)
62%
Karstweißling (Pieris mannii)
60%
Mädesüß-Perlmuttfalter (Brenthis ino)
60%
Blaukernauge (Minois dryas)
58%
Brauner Feuerfalter (Lycaena tityrus)
58%
Hochalpen-Apollo (Parnassius phoebus)
58%
Schornsteinfeger (Aphantopus hyperantus)
58%
Ulmen-Zipfelfalter (Satyrium w-album)
58%
Wachtelweizen-Scheckenfalter (Melitaea athalia)
58%
Weißer Waldportier (Brintesia circe)
58%
Weißklee-Gelbling (Colias hyale)
58%
Brauner Eichen-Zipfelfalter (Satyrium ilicis)
56%
Feuriger Perlmuttfalter (Fabriciana adippe)
56%
Großer Waldportier (Hipparchia fagi)
56%
Rotklee-Bläuling (Cyaniris semiargus)
56%
Bergweißling (Pieris bryoniae)
55%
Goldener Scheckenfalter (Euphydryas aurinia)
55%
Hochmoor-Gelbling (Colias palaeno)
55%
Kleiner Würfel-Dickkopffalter (Pyrgus malvae)
55%
Osterluzeifalter (Zerynthia polyxena)
55%
Östlicher Resedafalter (Pontia edusa)
55%
Pflaumen-Zipfelfalter (Satyrium pruni)
55%
Weißbindiger Schwärzling (Erebia ligea)
55%
Braunkolbiger Braun-Dickkopffalter (Thymelicus sylvestris)
53%
Nierenfleck-Zipfelfalter (Thecla betulae)
53%
Schwarzkolbiger Braun-Dickkopffalter (Thymelicus lineola)
53%
Dukaten-Feuerfalter (Lycaena virgaureae)
51%
Gelbringfalter (Lopinga achine)
51%
Kreuzdorn-Zipfelfalter (Satyrium spini)
51%
Mauerfuchs (Lasiommata megera)
51%
Rotbraunes Ochsenauge (Pyronia tithonus)
51%
Schlüsselblumen-Würfelfalter (Hamearis lucina)
51%
Alpenweißling (Pontia callidice)
49%
Argus-Bläuling (Plebejus argus)
49%
Dunkler Wiesenknopf-Ameisenbläuling (Phengaris nausithous)
49%
Echter Senfweißling (Leptidea sinapis)
49%
Großes Wiesenvögelchen (Coenonympha tullia)
49%
Heller Wiesenknopf-Ameisenbläuling (Phengaris teleius)
49%
Kleiner Schlehenzipfelfalter (Satyrium acaciae)
49%
Kleiner Sonnenröschen-Bläuling (Aricia agestis)
49%
Kurzschwänziger Bläuling (Cupido argiades)
49%
Mittlerer Perlmuttfalter (Fabriciana niobe)
49%
Östlicher Großer Fuchs (Nymphalis xanthomelas)
49%
Violetter Feuerfalter (Lycaena alciphron)
49%
Brombeer-Perlmuttfalter (Brenthis daphne)
47%
Magerrasen-Perlmuttfalter (Boloria dia)
47%
Unechter Senfweißling (Leptidea juvernica)
47%
Wegerich-Scheckenfalter (Melitaea cinxia)
47%
Alexis-Bläuling (Glaucopsyche alexis)
45%
Eschen-Scheckenfalter (Euphydryas maturna)
45%
Hufeisenklee-Gelbling (Colias alfacariensis)
45%
Mattscheckiger Braun-Dickkopffalter (Thymelicus acteon)
45%
Rostfarbiger Dickkopffalter (Ochlodes sylvanus)
45%
Weißbindiges Wiesenvögelchen (Coenonympha arcania)
45%
Alpen-Gelbling (Colias phicomone)
44%
Blauschillernder Feuerfalter (Lycaena helle)
44%
Braunauge (Lasiommata maera)
44%
Enzian-Ameisenbläuling (Phengaris alcon)
44%
Gelbwürfeliger Dickkopffalter (Carterocephalus palaemon)
44%
Graubindiger Schwärzling (Erebia aethiops)
44%
Kleiner Waldportier (Hipparchia alcyone)
44%
Roter Scheckenfalter (Melitaea didyma)
44%
Silbergrüner Bläuling (Lysandra coridon)
44%
Thymian-Ameisenbläuling (Phengaris arion)
44%
Wald-Wiesenvögelchen (Coenonympha hero)
44%
Baldrian-Scheckenfalter (Melitaea diamina)
42%
Berghexe (Chazara briseis)
42%
Komma-Dickkopffalter (Hesperia comma)
42%
Kronwicken-Bläuling (Plebejus argyrognomon)
42%
Lilagold-Feuerfalter (Lycaena hippothoe)
42%
Silberfleck-Perlmuttfalter (Boloria euphrosyne)
42%
Spiegelfleck-Dickkopffalter (Heteropterus morpheus)
42%
Veilchen-Scheckenfalter (Euphydryas cynthia)
42%
Zweibrütiger Würfel-Dickkopffalter (Pyrgus armoricanus)
42%
Ehrenpreis-Scheckenfalter (Melitaea aurelia)
40%
Fetthennen-Bläuling (Scolitantides orion)
40%
Ginster-Bläuling (Plebejus idas)
40%
Großer Wanderbläuling (Lampides boeticus)
40%
Ockerbindiger Samtfalter (Hipparchia semele)
40%
Weißbindiger Bergwald-Schwärzling (Erebia euryale)
40%
Flockenblumen-Scheckenfalter (Melitaea phoebe)
38%
Hochmoor-Bläuling (Agriades optilete)
38%
Malven-Dickkopffalter (Carcharodus alceae)
38%
Westlicher Scheckenfalter (Melitaea parthenoides)
38%
Alpen-Wiesenvögelchen (Coenonympha gardetta)
36%
Großer Sonnenröschen-Bläuling (Aricia artaxerxes)
36%
Grünschillernder Schwärzling (Erebia tyndarus)
36%
Pelargonien-Bläuling (Cacyreus marshalli)
36%
Esparsetten-Bläuling (Polyommatus thersites)
35%
Östlicher Perlmuttfalter (Argynnis laodice)
35%
Roter Würfel-Dickkopffalter (Spialia sertorius)
35%
Westlicher Quendelbläuling (Pseudophilotes baton)
35%
Alpen-Perlmuttfalter (Boloria thore)
33%
Eros-Bläuling (Polyommatus eros)
33%
Gold-Dickkopffalter (Carterocephalus silvicola)
33%
Östlicher Scheckenfalter (Melitaea britomartis)
33%
Rotbraunes Wiesenvögelchen (Coenonympha glycerion)
33%
Streifenbläuling (Polyommatus damon)
33%
Braunscheckauge (Lasiommata petropolitana)
31%
Rundaugen-Schwärzling (Erebia medusa)
31%
Südlicher Kurzgeschwänzter Bläuling (Cupido alcetas)
31%
Randring-Perlmuttfalter (Boloria eunomia)
29%
Stromtal-Wiesenvögelchen (Coenonympha oedippus)
29%
Hochmoor-Perlmuttfalter (Boloria aquilonaris)
27%
Graumelierter Alpen-Würfel-Dickkopffalter (Pyrgus andromedae)
27%
Kronwicken-Dickkopffalter (Erynnis tages)
27%
Sonnenröschen-Würfel-Dickkopffalter (Pyrgus alveus)
27%
Storchschnabel-Bläuling (Eumedonia eumedon)
27%
Zahnflügel-Bläuling (Polyommatus daphnis)
27%
Wundklee-Bläuling (Polyommatus dorylas)
25%
Natterwurz-Perlmuttfalter (Boloria titania)
24%
Vogelwicken-Bläuling (Polyommatus amandus)
24%
Kleiner Südlicher Würfel-Dickkopffalter (Pyrgus malvoides)
22%
Eisenfarbiger Samtfalter (Hipparchia statilinus)
20%
Steppen-Gelbling (Colias erate)
20%
Alpenmatten-Perlmuttfalter (Boloria pales)
18%
Braunfleckiger Perlmuttfalter (Boloria selene)
18%
Dunkler Alpenbläuling (Agriades glandon)
18%
Gletscherfalter (Oeneis glacialis)
16%
Heller Alpenbläuling (Agriades orbitulus)
16%
Heilziest-Dickkopffalter (Muschampia floccifera)
15%
Hochalpen-Würfel-Dickkopffalter (Pyrgus warrenensis)
15%
Quellen-Schwärzling (Erebia pronoe)
15%
Spätsommer-Würfel-Dickkopffalter (Pyrgus cirsii)
15%
Ähnlicher Perlmuttfalter (Boloria napaea)
11%
Steppenheiden-Würfel-Dickkopffalter (Pyrgus carthami)
11%
Kleiner Schwärzling (Erebia melampus)
7%
Ähnlicher Schwärzling (Erebia eriphyle)
5%
Doppelaugen-Schwärzling (Erebia oeme)
5%
Eis-Schwärzling (Erebia pluto)
5%
Schwarzbrauner Würfel-Dickkopffalter (Pyrgus serratulae)
5%
Gelbbindiger Schwärzling (Erebia meolans)
4%
Gelbgefleckter Schwärzling (Erebia manto)
4%
Fahlfleckiger Alpen-Würfel-Dickkopffalter (Pyrgus cacaliae)
2%
Felsen-Schwärzling (Erebia gorge)
2%
Freyers Alpen-Schwärzling (Erebia styx)
2%
Knochs Schwärzling (Erebia epiphron)
2%
Marmorierter Schwärzling (Erebia montanus)
2%
Unpunktierter Schwärzling (Erebia pharte)
2%
Graubrauner Schwärzling (Erebia pandrose)
0%
Keine übereinstimmenden Quizze gefunden
Verteilung der Resultate
Anzahl Personen mit jedem Resultat
Perzentil nach korrekt beantworteten Fragen
Ihre Resultats-Entwicklung
Sie haben dieses Quiz seit der letzten Aktualisierung nicht gespielt